| 000 | 01014nam a2200241 i 4500 | ||
|---|---|---|---|
| 001 | bg | ||
| 100 | 1 |
_aGIERUSZ, Jerzy _d(1952- ) |
|
| 245 | 1 | 0 |
_aPlan kont z komentarzem : _bhandel, produkcja, usługi / _cJerzy Gierusz. |
| 250 | _aWyd. 10. | ||
| 260 |
_aGdańsk : _bOśrodek Doradztwa i Doskonalenia Kadr, _c2002. |
||
| 300 |
_a583 s. ; _c22 cm. |
||
| 500 | _aZgodny z wymogami ustawy o rachunkowości (z dnia 29 września 1994 r. Dz. U. Nr 121 poz. 591. z późn. zm.) z uwzględnieniem nowelizacji ustawy o rachunkowości (z dnia 9 listopada 2000 r., Dz. U. Nr 113, poz. 1186) obowiązującej od 1 stycznia 2002 roku. | ||
| 504 | _aBibliogr., wykaz aktów prawnych. | ||
| 650 | 9 |
_aKonto _xprawo _zPolska _ystan na 2000 r. |
|
| 020 | _a8371875606 | ||
| 040 | _cBPK | ||
| 041 | 0 | _apl | |
| 080 | _a346.52(438) | ||
| 920 | _a83-71875-60-6 | ||
| 942 | _cKS | ||
| 008 | s pl f |000 0 pol | ||
| 999 |
_c40523 _d40523 |
||
| 856 |
_uhttp://koha.tu.koszalin.pl/cgi-bin/koha/opac-detail.pl?biblionumber=40523 _yKatalog online BPK |
||